Normal view
MARC view
- التنبؤات- الفلسفة الاسلامية
Entry Topical Term
001 - CONTROL NUMBER
- control field: 52492
003 - CONTROL NUMBER IDENTIFIER
- control field: JO-AjAnu
005 - DATE AND TIME OF LATEST TRANSACTION
- control field: 20230606082628.0
008 - FIXED-LENGTH DATA ELEMENTS
- fixed length control field: 230606|| aca||aabn | a|a d
040 ## - CATALOGING SOURCE
- Original cataloging agency: JO-AjAnu
- Transcribing agency: JO-AjAnu
150 ## - HEADING--TOPICAL TERM
- Topical term or geographic name entry element: التنبؤات- الفلسفة الاسلامية
670 ## - SOURCE DATA FOUND
- Source citation: Work cat.: (JO-AjAnu)26823: بلكا، إلياس, author 52491, الوجود بين السببية والنظام دراسة في الأساس الشرعي والفلسفي لإستشراق المستقبل